000
00313nam a22001457a 4500
008
211018b ||||| |||| 00| 0 eng d
020
_a
9780072971859
041
_a
eng
080
_2
6th
_a
338
082
_a
338
100
_a
54
101
_a
MEN
245
_a
Entrepreneurship
_c
Hisrich,R.D
942
_2
udc
_c
BK
999
_c
58245
_d
58245